| 000 | 01379nam a2200313 a 4500 | ||
|---|---|---|---|
| 999 |
_c436645 _d436645 |
||
| 003 | BLK | ||
| 005 | 20241219112924.0 | ||
| 008 | 180408b bul|||||r ||||||| ||bul|| | ||
| 010 | _aKNG00091306000 | ||
| 020 | _a9786191516315 | ||
| 040 | _aBLK | ||
| 041 |
_aBUL _cBUL |
||
| 080 |
_aБиографии - свят _b929(100) _z929(100) |
||
| 080 |
_aБългарска литература _b821.163.2 _z-94 _x821.163.2-94 |
||
| 100 |
_aБонева, Биляна _eпърви автор _91299 |
||
| 139 |
_aБонева, Биляна _bБ 62 |
||
| 245 | 1 | 0 |
_aПътешествия за мечтатели _b19 вдъхновяващи истории за хора със свободен дух _cБиляна Бонева, Милен Атанасов |
| 257 | _aGBR | ||
| 260 |
_bСиела Софт енд Паблишинг _c2020 _aСофия |
||
| 300 |
_a152 с. _bс ил., к. _c23 см |
||
| 380 | _a91 | ||
| 500 | _aБиогр. данни за авт. отбелязани на 2-ра и 3-та кор. | ||
| 650 | 7 |
_aГеографски пътешествия и открития - история _2 _9151894 |
|
| 653 | 7 |
_aбиографии _9181990 |
|
| 700 |
_aАтанасов, Милен _eсъавт. _91445 |
||
| 852 |
_aЦб 312488 _bЦб _c910.4/Б 25 Б |
||
| 942 |
_cKNG _n0 _013 _s1 |
||
| 944 |
_aCR _c2021-11-12 _k30560 _lГеновева Генчева |
||